| 000 | 00756nam a2200277 a 4500 | ||
|---|---|---|---|
| 001 | 000110490 | ||
| 003 | CHAP | ||
| 005 | 20220329144136.0 | ||
| 008 | 140904s1982 es |r ||||||spa d | ||
| 010 | _a106952 | ||
| 011 | _a107924 | ||
| 020 | _a8429141995 | ||
| 040 | _cCHAP | ||
| 082 | 0 | 4 |
_a621.47 _bM51 |
| 100 | 1 |
_aMeinel, Aden B. _9128268 |
|
| 245 | 1 | 0 |
_aAplicaciones de la energía solar / _cpor Aden B. Meinel y Marjorie P. Meinel. |
| 260 |
_aEspaña : _bEditorial Reverté, _c1982. |
||
| 300 | _a699. | ||
| 534 | _pApplied Solar Energy An Introduction | ||
| 590 |
_aE5765TAJ _b05 _c20140904 _lUCH01 _h0839 |
||
| 650 | 1 | 4 |
_aEnergía solar. _936911 |
| 700 | 1 |
_aMeinel, Marjorie P. _9128269 |
|
| 901 | _aBK | ||
| 942 | _cLIBRO | ||
| 942 | _n0 | ||
| 999 |
_c106952 _d106952 |
||